Normal view
MARC view
- Van Vlack, Lawrence H
Entry Personal Name
001 - CONTROL NUMBER
- control field: 34502
003 - CONTROL NUMBER IDENTIFIER
- control field: NUST
005 - DATE AND TIME OF LATEST TRANSACTION
- control field: 20201026104710.0
008 - FIXED-LENGTH DATA ELEMENTS
- fixed length control field: 201026|| aca||aabn | a|a d
040 ## - CATALOGING SOURCE
- Original cataloging agency: NUST
- Transcribing agency: NUST
100 ## - HEADING--PERSONAL NAME
- Personal name: Van Vlack, Lawrence H
670 ## - SOURCE DATA FOUND
- Source citation: Work cat.: (NUST)0: Van Vlack, Lawrence H., Elements of Materials Science and Engineering , c2017.
